Curso de finanzas, derecho financiero y tributario (Registro nro. 329)

Detalles MARC
000 -LEADER
fixed length control field 01947 a2200229 4500
001 - CONTROL NUMBER
control field 3389
005 - DATE AND TIME OF LATEST TRANSACTION
control field 20260407155428.0
008 - FIXED-LENGTH DATA ELEMENTS--GENERAL INFORMATION
fixed length control field 260407a2003 arg spa d
003 - CONTROL NUMBER IDENTIFIER
control field AR-UNSa-BCEJYS
040 ## - CATALOGING SOURCE
Original cataloging agency AR-UNSa-BCEJYS
Language of cataloging spa
Transcribing agency AR-UNSa-BCEJYS
080 ## - UNIVERSAL DECIMAL CLASSIFICATION NUMBER
Universal Decimal Classification number 336.2
Common auxiliary subdivision Ingresos públicos (Derecho tributario)
020 ## - INTERNATIONAL STANDARD BOOK NUMBER
International Standard Book Number 978-950-508-582-8
100 1# - MAIN ENTRY--PERSONAL NAME
Personal name Villegas, Héctor Belisario
245 10 - TITLE STATEMENT
Title Curso de finanzas, derecho financiero y tributario
250 ## - EDITION STATEMENT
Edition statement 8a. ed.
264 #1 - PRODUCTION, PUBLICATION, DISTRIBUTION, MANUFACTURE, AND COPYRIGHT NOTICE
Place of production, publication, distribution, manufacture Buenos Aires :
Name of producer, publisher, distributor, manufacturer Astrea
Date of production, publication, distribution, manufacture, or copyright notice 2003
300 ## - PHYSICAL DESCRIPTION
Extent LXIV, 931 p.
Dimensions 20 cm.
505 ## - FORMATTED CONTENTS NOTE
Formatted contents note 1. Introducción - 2. Gastos públicos - 3. Recursos del Estado - 4. Noción y elementos - 5. Crédito público - 6. El presupuesto - 7. Derecho tributario. Nociones preliminares - 8. Caracterización jurídica del derecho tributario - 9. Derecho constitucional tributario - 10. Derecho tributario y régimen federal - 11. Derecho tributario material - 12. Derecho tributario formal - 13. Derecho procesal tributario - 14. Derecho penal tributario - 15. Derecho internacional tributario - 16. Derecho tributario de la integración económica (Derecho fiscal comunitario) - 17. Sistemas tributarios - 18. Impuesto a las ganancias - 19. Impuesto a los premios de sorteos y concursos deportivos - 20. Impuesto sobre los bienes personales y a la transferencia de inmuebles - 21. Impuesto a la ganancia mínima presunta. Impuesto a los intereses - 22. Impuesto al valor agregado - 23. Monotributo. Régimen simplificado para pequeños contribuyentes - 24. Impuestos internos - 25. Impuestos aduaneros - 26. Impuesto a las transacciones financieras - 27. Impuesto de justicia. Tasas judiciales en el orden nacional - 28. Impuestos provinciales - Tributos municipales
590 ## - LOCAL NOTE (RLIN)
Local note niveau_biblio:m niveau_hierar:0
856 41 - ELECTRONIC LOCATION AND ACCESS
Uniform Resource Identifier <a href="https://biblioeco.unsa.edu.ar/pmb/images/libros/Curso de Finanzas, derecho financiero y tributario3-l117014.jpg">https://biblioeco.unsa.edu.ar/pmb/images/libros/Curso de Finanzas, derecho financiero y tributario3-l117014.jpg</a>
Link text Imagen de portada
Electronic format type image/jpeg
942 ## - ADDED ENTRY ELEMENTS (KOHA)
Koha item type
Existencias
Withdrawn status Lost status Damaged status Not for loan Home library Current library Shelving location Date acquired Total checkouts Full call number Barcode Date last seen Price effective from Koha item type
        Biblioteca Prof. Eusebio Cleto del Rey Biblioteca Prof. Eusebio Cleto del Rey   07/04/2026   336.2 V728 8ed. L117014 07/04/2026 07/04/2026 Libro